| 000 | 00400 a2200169 4500 | ||
|---|---|---|---|
| 001 | 157337 | ||
| 020 | _a978-85-93572-01-2 | ||
| 040 | _cEscola São Tomás de Aquino | ||
| 100 | _aFONTES, Rosa Maria Miguel | ||
| 240 | 1 | 0 |
_aVovó inventa palavras _lpor |
| 245 | 1 | 0 | _aVovó inventa palavras |
| 300 | _a28 | ||
| 362 | 0 | _a2017 | |
| 440 | 1 | _aPáginas | |
| 697 | _a*LITERATURA INFANTO | ||
| 942 | _cBK | ||
| 999 |
_c157337 _d157337 |
||